Coureurs de l'équipe cycliste Ag2r Citroën Team 2022 - Statistiques

Statistiques générales
  • Ce quiz a été pris 107 fois
  • Le résultat moyen est 17 sur 29
Statistiques - réponses
Nat Coureur % Correct
🇧🇪 Lawrence Naesen
89%
🇧🇪 Oliver Naesen
89%
🇦🇺 Ben O'Connor
86%
🇫🇷 Benoît Cosnefroy
86%
🇱🇺 Bob Jungels
86%
🇧🇪 Greg Van Avermaet
85%
🇫🇷 Aurélien Paret-Peintre
71%
🇫🇷 Valentin Paret-Peintre
71%
🇦🇹 Felix Gall
67%
🇮🇹 Andrea Vendrame
66%
🇫🇷 Clément Champoussin
66%
🇺🇸 Larry Warbasse
66%
🇫🇷 Clément Venturini
65%
🇫🇮 Jaakko Hänninen
63%
🇧🇪 Stan Dewulf
62%
🇫🇷 Mikaël Cherel
57%
🇫🇷 Nans Peters
57%
🇨🇭 Michael Schär
54%
🇫🇷 Clément Berthet
49%
🇫🇷 Lilian Calmejane
49%
🇫🇷 Geoffrey Bouchard
48%
🇫🇷 Dorian Godon
47%
🇫🇷 Marc Sarreau
46%
🇫🇷 Nicolas Prodhomme
42%
🇫🇷 Paul Lapeira
35%
🇫🇷 Damien Touzé
34%
🇧🇪 Gijs Van Hoecke
34%
🇫🇷 Antoine Raugel
28%
🇫🇷 Anthony Jullien
24%
Aucun quiz correspondant
Distribution des résultats
% des personnes avec chaque résultat
Percentile par nombre de réponses
Votre historique - résultats
Vous n’avez pas pris ce quiz